<?xml version="1.0" encoding="UTF-8"?><marc:collection xmlns:marc="http://www.loc.gov/MARC21/slim">
  <marc:record>
    <marc:leader>05471nas a2200841 c 4500</marc:leader>
    <marc:controlfield tag="001">010057080</marc:controlfield>
    <marc:controlfield tag="003">DE-101</marc:controlfield>
    <marc:controlfield tag="005">20250212200306.0</marc:controlfield>
    <marc:controlfield tag="007">tu</marc:controlfield>
    <marc:controlfield tag="008">991118d19361978gw g||p|  r|| 0||||1ger c</marc:controlfield>
    <marc:datafield tag="015" ind1=" " ind2=" ">
      <marc:subfield code="a">12,A08</marc:subfield>
      <marc:subfield code="2">dnb</marc:subfield>
    </marc:datafield>
    <marc:datafield tag="016" ind1="7" ind2=" ">
      <marc:subfield code="2">DE-600</marc:subfield>
      <marc:subfield code="a">3813-1</marc:subfield>
    </marc:datafield>
    <marc:datafield tag="016" ind1="7" ind2=" ">
      <marc:subfield code="2">DE-101</marc:subfield>
      <marc:subfield code="a">010057080</marc:subfield>
    </marc:datafield>
    <marc:datafield tag="035" ind1=" " ind2=" ">
      <marc:subfield code="a">(DE-599)ZDB3813-1</marc:subfield>
    </marc:datafield>
    <marc:datafield tag="035" ind1=" " ind2=" ">
      <marc:subfield code="a">(OCoLC)1367285947</marc:subfield>
    </marc:datafield>
    <marc:datafield tag="040" ind1=" " ind2=" ">
      <marc:subfield code="a">9001</marc:subfield>
      <marc:subfield code="b">ger</marc:subfield>
      <marc:subfield code="c">DE-101</marc:subfield>
      <marc:subfield code="d">9999</marc:subfield>
    </marc:datafield>
    <marc:datafield tag="041" ind1=" " ind2=" ">
      <marc:subfield code="a">ger</marc:subfield>
    </marc:datafield>
    <marc:datafield tag="042" ind1=" " ind2=" ">
      <marc:subfield code="a">zdb</marc:subfield>
    </marc:datafield>
    <marc:datafield tag="044" ind1=" " ind2=" ">
      <marc:subfield code="c">XA-DE</marc:subfield>
    </marc:datafield>
    <marc:datafield tag="082" ind1="0" ind2="4">
      <marc:subfield code="8">3\u</marc:subfield>
      <marc:subfield code="a">383.4943</marc:subfield>
      <marc:subfield code="q">DE-101</marc:subfield>
      <marc:subfield code="2">22/ger</marc:subfield>
    </marc:datafield>
    <marc:datafield tag="083" ind1="7" ind2=" ">
      <marc:subfield code="a">380</marc:subfield>
      <marc:subfield code="q">DE-101</marc:subfield>
      <marc:subfield code="2">22sdnb</marc:subfield>
    </marc:datafield>
    <marc:datafield tag="083" ind1="7" ind2=" ">
      <marc:subfield code="a">920</marc:subfield>
      <marc:subfield code="q">DE-600</marc:subfield>
      <marc:subfield code="2">22sdnb</marc:subfield>
    </marc:datafield>
    <marc:datafield tag="084" ind1=" " ind2=" ">
      <marc:subfield code="a">710</marc:subfield>
      <marc:subfield code="a">940</marc:subfield>
      <marc:subfield code="2">rpb</marc:subfield>
    </marc:datafield>
    <marc:datafield tag="084" ind1=" " ind2=" ">
      <marc:subfield code="a">Da 081</marc:subfield>
      <marc:subfield code="2">ifzs</marc:subfield>
    </marc:datafield>
    <marc:datafield tag="085" ind1=" " ind2=" ">
      <marc:subfield code="8">3\u</marc:subfield>
      <marc:subfield code="b">383.49</marc:subfield>
    </marc:datafield>
    <marc:datafield tag="085" ind1=" " ind2=" ">
      <marc:subfield code="8">3\u</marc:subfield>
      <marc:subfield code="z">2</marc:subfield>
      <marc:subfield code="s">43</marc:subfield>
    </marc:datafield>
    <marc:datafield tag="245" ind1="0" ind2="0">
      <marc:subfield code="a">Ortsverzeichnis</marc:subfield>
      <marc:subfield code="b">OV</marc:subfield>
      <marc:subfield code="n">1</marc:subfield>
      <marc:subfield code="p">Verzeichnis der Orte mit Postanstalt und der Gemeinden ohne Postanstalt im Bereich der deutschen Postverwaltungen</marc:subfield>
      <marc:subfield code="c">Deutsche Bundespost. Hrsg. vom Bundesministerium für das Post- und Fernmeldewesen, Bonn. Bearb. vom Posttechnischen Zentralamt, Darmstadt</marc:subfield>
    </marc:datafield>
    <marc:datafield tag="246" ind1="1" ind2="3">
      <marc:subfield code="a">Ortsverzeichnis &lt;Berlin&gt; / 1</marc:subfield>
    </marc:datafield>
    <marc:datafield tag="246" ind1="3" ind2=" ">
      <marc:subfield code="a">OV</marc:subfield>
    </marc:datafield>
    <marc:datafield tag="246" ind1="1" ind2=" ">
      <marc:subfield code="i">Nebent.:</marc:subfield>
      <marc:subfield code="a">Ortsverzeichnis 1</marc:subfield>
    </marc:datafield>
    <marc:datafield tag="247" ind1="0" ind2="0">
      <marc:subfield code="a">Verzeichnis der Postämter und -amtsstellen sowie der Bahnhöfe, der Eisenbahnen, der Schiffsanlegeplätze und Flughäfen in Großdeutschland</marc:subfield>
      <marc:subfield code="f">Sachl. Benennung früher</marc:subfield>
    </marc:datafield>
    <marc:datafield tag="247" ind1="0" ind2="0">
      <marc:subfield code="a">Verzeichnis der Orte im Bereich der deutschen Postverwaltungen</marc:subfield>
      <marc:subfield code="f">Sachl. Benennung teils</marc:subfield>
    </marc:datafield>
    <marc:datafield tag="264" ind1="3" ind2="1">
      <marc:subfield code="a">Berlin</marc:subfield>
      <marc:subfield code="b">[Verlag nicht ermittelbar]</marc:subfield>
      <marc:subfield code="c">1936-1978</marc:subfield>
    </marc:datafield>
    <marc:datafield tag="264" ind1="2" ind2="1">
      <marc:subfield code="3">anfangs</marc:subfield>
      <marc:subfield code="a">Darmstadt</marc:subfield>
      <marc:subfield code="b">Posttechn. Zentralamt</marc:subfield>
    </marc:datafield>
    <marc:datafield tag="300" ind1=" " ind2=" ">
      <marc:subfield code="c">29 cm</marc:subfield>
    </marc:datafield>
    <marc:datafield tag="336" ind1=" " ind2=" ">
      <marc:subfield code="a">Text</marc:subfield>
      <marc:subfield code="b">txt</marc:subfield>
      <marc:subfield code="2">rdacontent</marc:subfield>
    </marc:datafield>
    <marc:datafield tag="337" ind1=" " ind2=" ">
      <marc:subfield code="a">ohne Hilfsmittel zu benutzen</marc:subfield>
      <marc:subfield code="b">n</marc:subfield>
      <marc:subfield code="2">rdamedia</marc:subfield>
    </marc:datafield>
    <marc:datafield tag="338" ind1=" " ind2=" ">
      <marc:subfield code="a">Band</marc:subfield>
      <marc:subfield code="b">nc</marc:subfield>
      <marc:subfield code="2">rdacarrier</marc:subfield>
    </marc:datafield>
    <marc:datafield tag="362" ind1="0" ind2=" ">
      <marc:subfield code="a">1936 - 1952[?]; nachgewiesen 1970 - 1978</marc:subfield>
    </marc:datafield>
    <marc:datafield tag="363" ind1="0" ind2="0">
      <marc:subfield code="8">1.1\x</marc:subfield>
      <marc:subfield code="i">1936</marc:subfield>
    </marc:datafield>
    <marc:datafield tag="363" ind1="1" ind2="0">
      <marc:subfield code="8">1.2\x</marc:subfield>
      <marc:subfield code="i">1952</marc:subfield>
    </marc:datafield>
    <marc:datafield tag="363" ind1="0" ind2="0">
      <marc:subfield code="8">2.1\x</marc:subfield>
      <marc:subfield code="i">1970</marc:subfield>
    </marc:datafield>
    <marc:datafield tag="363" ind1="1" ind2="0">
      <marc:subfield code="8">2.2\x</marc:subfield>
      <marc:subfield code="i">1978</marc:subfield>
    </marc:datafield>
    <marc:datafield tag="500" ind1=" " ind2=" ">
      <marc:subfield code="a">Repr. Ausg. 1944, Ausg. 1949 und Ausg. 1970: Schönefeld : Morgana-Ed., 2012</marc:subfield>
    </marc:datafield>
    <marc:datafield tag="515" ind1=" " ind2=" ">
      <marc:subfield code="a">Ersch. zweijährl.</marc:subfield>
    </marc:datafield>
    <marc:datafield tag="550" ind1=" " ind2=" ">
      <marc:subfield code="a">Beteil. Körp. früher: Reichspostzentralamt</marc:subfield>
    </marc:datafield>
    <marc:datafield tag="610" ind1="2" ind2="7">
      <marc:subfield code="0">(DE-588)2007726-9</marc:subfield>
      <marc:subfield code="0">https://d-nb.info/gnd/2007726-9</marc:subfield>
      <marc:subfield code="0">(DE-101)004675932</marc:subfield>
      <marc:subfield code="a">Deutsche Bundespost</marc:subfield>
      <marc:subfield code="9">rswk-swf</marc:subfield>
      <marc:subfield code="2">gnd</marc:subfield>
    </marc:datafield>
    <marc:datafield tag="650" ind1=" " ind2="7">
      <marc:subfield code="0">(DE-588)4175474-8</marc:subfield>
      <marc:subfield code="0">https://d-nb.info/gnd/4175474-8</marc:subfield>
      <marc:subfield code="0">(DE-101)041754743</marc:subfield>
      <marc:subfield code="a">Postverwaltung</marc:subfield>
      <marc:subfield code="9">rswk-swf</marc:subfield>
      <marc:subfield code="2">gnd</marc:subfield>
    </marc:datafield>
    <marc:datafield tag="651" ind1=" " ind2="7">
      <marc:subfield code="0">(DE-588)4011889-7</marc:subfield>
      <marc:subfield code="0">https://d-nb.info/gnd/4011889-7</marc:subfield>
      <marc:subfield code="0">(DE-101)040118894</marc:subfield>
      <marc:subfield code="a">Deutschland</marc:subfield>
      <marc:subfield code="g">Bundesrepublik</marc:subfield>
      <marc:subfield code="9">rswk-swf</marc:subfield>
      <marc:subfield code="2">gnd</marc:subfield>
    </marc:datafield>
    <marc:datafield tag="655" ind1=" " ind2="7">
      <marc:subfield code="0">(DE-588)4067488-5</marc:subfield>
      <marc:subfield code="0">https://d-nb.info/gnd/4067488-5</marc:subfield>
      <marc:subfield code="0">(DE-101)040674886</marc:subfield>
      <marc:subfield code="a">Zeitschrift</marc:subfield>
      <marc:subfield code="2">gnd-content</marc:subfield>
    </marc:datafield>
    <marc:datafield tag="655" ind1=" " ind2="7">
      <marc:subfield code="0">(DE-588)4188171-0</marc:subfield>
      <marc:subfield code="0">https://d-nb.info/gnd/4188171-0</marc:subfield>
      <marc:subfield code="0">(DE-101)041881710</marc:subfield>
      <marc:subfield code="a">Verzeichnis</marc:subfield>
      <marc:subfield code="2">gnd-content</marc:subfield>
    </marc:datafield>
    <marc:datafield tag="655" ind1=" " ind2="7">
      <marc:subfield code="0">(DE-588)4067870-2</marc:subfield>
      <marc:subfield code="0">https://d-nb.info/gnd/4067870-2</marc:subfield>
      <marc:subfield code="0">(DE-101)040678709</marc:subfield>
      <marc:subfield code="a">Ortsverzeichnis</marc:subfield>
      <marc:subfield code="2">gnd-content</marc:subfield>
    </marc:datafield>
    <marc:datafield tag="655" ind1=" " ind2="7">
      <marc:subfield code="a">Ortsverzeichnis</marc:subfield>
      <marc:subfield code="9">rswk-swf</marc:subfield>
      <marc:subfield code="2">gnd</marc:subfield>
    </marc:datafield>
    <marc:datafield tag="689" ind1="0" ind2="0">
      <marc:subfield code="0">(DE-588)4011889-7</marc:subfield>
      <marc:subfield code="0">https://d-nb.info/gnd/4011889-7</marc:subfield>
      <marc:subfield code="0">(DE-101)040118894</marc:subfield>
      <marc:subfield code="D">g</marc:subfield>
      <marc:subfield code="a">Deutschland</marc:subfield>
      <marc:subfield code="g">Bundesrepublik</marc:subfield>
    </marc:datafield>
    <marc:datafield tag="689" ind1="0" ind2="1">
      <marc:subfield code="0">(DE-588)2007726-9</marc:subfield>
      <marc:subfield code="0">https://d-nb.info/gnd/2007726-9</marc:subfield>
      <marc:subfield code="0">(DE-101)004675932</marc:subfield>
      <marc:subfield code="D">b</marc:subfield>
      <marc:subfield code="a">Deutsche Bundespost</marc:subfield>
    </marc:datafield>
    <marc:datafield tag="689" ind1="0" ind2="2">
      <marc:subfield code="0">(DE-588)4175474-8</marc:subfield>
      <marc:subfield code="0">https://d-nb.info/gnd/4175474-8</marc:subfield>
      <marc:subfield code="0">(DE-101)041754743</marc:subfield>
      <marc:subfield code="D">s</marc:subfield>
      <marc:subfield code="a">Postverwaltung</marc:subfield>
    </marc:datafield>
    <marc:datafield tag="689" ind1="0" ind2="3">
      <marc:subfield code="A">f</marc:subfield>
      <marc:subfield code="a">Ortsverzeichnis</marc:subfield>
    </marc:datafield>
    <marc:datafield tag="689" ind1="0" ind2=" ">
      <marc:subfield code="5">DE-101</marc:subfield>
      <marc:subfield code="5">DE-101</marc:subfield>
    </marc:datafield>
    <marc:datafield tag="710" ind1="1" ind2=" ">
      <marc:subfield code="0">(DE-588)2028886-4</marc:subfield>
      <marc:subfield code="0">https://d-nb.info/gnd/2028886-4</marc:subfield>
      <marc:subfield code="0">(DE-101)004854667</marc:subfield>
      <marc:subfield code="a">Deutschland</marc:subfield>
      <marc:subfield code="g">Bundesrepublik</marc:subfield>
      <marc:subfield code="b">Bundesministerium für das Post- und Fernmeldewesen</marc:subfield>
      <marc:subfield code="e">Herausgebendes Organ</marc:subfield>
      <marc:subfield code="4">isb</marc:subfield>
      <marc:subfield code="2">gnd</marc:subfield>
    </marc:datafield>
    <marc:datafield tag="710" ind1="2" ind2=" ">
      <marc:subfield code="0">(DE-588)2017839-6</marc:subfield>
      <marc:subfield code="0">https://d-nb.info/gnd/2017839-6</marc:subfield>
      <marc:subfield code="0">(DE-101)004762282</marc:subfield>
      <marc:subfield code="a">Posttechnisches Zentralamt</marc:subfield>
      <marc:subfield code="e">Herausgebendes Organ</marc:subfield>
      <marc:subfield code="4">isb</marc:subfield>
      <marc:subfield code="2">gnd</marc:subfield>
    </marc:datafield>
    <marc:datafield tag="710" ind1="2" ind2=" ">
      <marc:subfield code="0">(DE-588)2007726-9</marc:subfield>
      <marc:subfield code="0">https://d-nb.info/gnd/2007726-9</marc:subfield>
      <marc:subfield code="0">(DE-101)004675932</marc:subfield>
      <marc:subfield code="a">Deutsche Bundespost</marc:subfield>
      <marc:subfield code="e">Herausgebendes Organ</marc:subfield>
      <marc:subfield code="4">isb</marc:subfield>
      <marc:subfield code="2">gnd</marc:subfield>
    </marc:datafield>
    <marc:datafield tag="710" ind1="2" ind2=" ">
      <marc:subfield code="0">(DE-588)500604-1</marc:subfield>
      <marc:subfield code="0">https://d-nb.info/gnd/500604-1</marc:subfield>
      <marc:subfield code="0">(DE-101)00500604X</marc:subfield>
      <marc:subfield code="a">Reichspostzentralamt</marc:subfield>
      <marc:subfield code="g">Berlin</marc:subfield>
      <marc:subfield code="e">Herausgebendes Organ</marc:subfield>
      <marc:subfield code="4">isb</marc:subfield>
      <marc:subfield code="2">gnd</marc:subfield>
    </marc:datafield>
    <marc:datafield tag="776" ind1="0" ind2="8">
      <marc:subfield code="i">Elektronische Reproduktion</marc:subfield>
      <marc:subfield code="t">Ortsverzeichnis. 1, Verzeichnis der Orte mit Postanstalt und der Gemeinden ohne Postanstalt im Bereich der deutschen Postverwaltungen</marc:subfield>
      <marc:subfield code="d">Berlin : [Verlag nicht ermittelbar], [1944?]-</marc:subfield>
      <marc:subfield code="w">(DE-600)3094708-X</marc:subfield>
      <marc:subfield code="w">(DE-101)1242437339</marc:subfield>
    </marc:datafield>
    <marc:datafield tag="780" ind1="0" ind2="0">
      <marc:subfield code="i">Vorg.:</marc:subfield>
      <marc:subfield code="t">Ortsverzeichnis &lt;Berlin&gt;</marc:subfield>
      <marc:subfield code="d">Berlin : [Verlag nicht ermittelbar], 1925-1935</marc:subfield>
      <marc:subfield code="w">(DE-600)1477337-5</marc:subfield>
      <marc:subfield code="w">(DE-101)01970352X</marc:subfield>
    </marc:datafield>
    <marc:datafield tag="785" ind1="0" ind2="8">
      <marc:subfield code="i">1955 - 1965</marc:subfield>
      <marc:subfield code="t">Ortsverzeichnis &lt;Berlin&gt; / 1 / A. 1, Verzeichnis der Orte mit Postanstalt und der Gemeinden ohne Postanstalt im Bereich der deutschen Postverwaltungen. Teil A, Verzeichnis der Orte mit Postanstalt im Bereich der deutschen Postverwaltungen</marc:subfield>
      <marc:subfield code="d">Berlin : [Verlag nicht ermittelbar], 1955-1965</marc:subfield>
      <marc:subfield code="w">(DE-600)4000-9</marc:subfield>
      <marc:subfield code="w">(DE-101)010060081</marc:subfield>
    </marc:datafield>
    <marc:datafield tag="785" ind1="0" ind2="8">
      <marc:subfield code="i">1955 - 1962</marc:subfield>
      <marc:subfield code="a">Deutsche Bundespost</marc:subfield>
      <marc:subfield code="t">Ortsverzeichnis &lt;Berlin&gt; / 1 / B. 1, Verzeichnis der Orte mit Postanstalt und der Gemeinden ohne Postanstalt im Bereich der deutschen Postverwaltungen. Teil B, Verzeichnis der Orte ohne Postanstalt im Bereich der Deutschen Bundespost</marc:subfield>
      <marc:subfield code="d">Berlin : [Verlag nicht ermittelbar], 1955-1962</marc:subfield>
      <marc:subfield code="w">(DE-600)6123-2</marc:subfield>
      <marc:subfield code="w">(DE-101)010082506</marc:subfield>
    </marc:datafield>
    <marc:datafield tag="785" ind1="0" ind2="0">
      <marc:subfield code="i">Forts.:</marc:subfield>
      <marc:subfield code="t">Ortsverzeichnis Post</marc:subfield>
      <marc:subfield code="d">Bonn : Generaldirektion, Deutsche Bundespost, 1980-1991</marc:subfield>
      <marc:subfield code="w">(DE-600)8352-5</marc:subfield>
      <marc:subfield code="w">(DE-101)010110070</marc:subfield>
    </marc:datafield>
    <marc:datafield tag="787" ind1="0" ind2="8">
      <marc:subfield code="i">Repr. Ausg. 1944 zugl. 21; Repr. Ausg. 1970 zugl. 28; Repr. Ausg. 1949 zugl. 46 von</marc:subfield>
      <marc:subfield code="t">Reprint NAV</marc:subfield>
      <marc:subfield code="d">Schönefeld b. Berlin : Morgana-Ed., 2012-</marc:subfield>
      <marc:subfield code="w">(DE-600)2649006-7</marc:subfield>
      <marc:subfield code="w">(DE-101)1019348542</marc:subfield>
    </marc:datafield>
    <marc:datafield tag="850" ind1=" " ind2=" ">
      <marc:subfield code="a">DE-101a</marc:subfield>
      <marc:subfield code="a">DE-101b</marc:subfield>
    </marc:datafield>
    <marc:datafield tag="889" ind1=" " ind2=" ">
      <marc:subfield code="w">(DE-101)540465704</marc:subfield>
    </marc:datafield>
    <marc:datafield tag="889" ind1=" " ind2=" ">
      <marc:subfield code="w">(DE-600)1350052-1</marc:subfield>
    </marc:datafield>
    <marc:datafield tag="925" ind1="r" ind2=" ">
      <marc:subfield code="a">ra</marc:subfield>
    </marc:datafield>
    <marc:datafield tag="930" ind1=" " ind2=" ">
      <marc:subfield code="l">1</marc:subfield>
      <marc:subfield code="a">Verzeichnis der Orte mit Postanstalt und der Gemeinden ohne Postanstalt im Bereich der deutschen Postverwaltungen</marc:subfield>
    </marc:datafield>
  </marc:record>
</marc:collection>
